|
|
|
|
| LEADER |
01131naa a2200265 i 4500 |
| 001 |
acta87310 |
| 005 |
20250507141259.0 |
| 008 |
250507s2025 hu o 100 hun d |
| 020 |
|
|
|a 978-963-688-042-2
|
| 040 |
|
|
|a SZTE Egyetemi Kiadványok Repozitórium
|b hun
|
| 041 |
|
|
|a hun
|
| 100 |
1 |
|
|a Halász Csenge
|
| 245 |
1 |
0 |
|a Alapozás, létszükséglet, kihívás
|h [elektronikus dokumentum] :
|b pedagógusok metaforái a szövegértés-fejlesztésről : [absztrakt] /
|c Halász Csenge
|
| 260 |
|
|
|a Szegedi Tudományegyetem, Neveléstudományi Doktori Iskola
|b Szeged
|c 2025
|
| 300 |
|
|
|a 80
|
| 490 |
0 |
|
|a Pedagógiai Értékelési Konferencia
|v 21
|
| 650 |
|
4 |
|a Társadalomtudományok
|
| 650 |
|
4 |
|a Oktatástudomány
|
| 695 |
|
|
|a Pedagógiai kutatás - előadáskivonat, Képességfejlesztés - szövegértés - előadáskivonat
|
| 700 |
0 |
1 |
|a Tary Blanka
|e aut
|
| 700 |
0 |
1 |
|a Hódi Ágnes
|e aut
|
| 700 |
0 |
1 |
|a Fejes József Balázs
|e aut
|
| 700 |
0 |
1 |
|a Vígh Tibor
|e aut
|
| 711 |
|
|
|a XXI. Pedagógiai Értékelési Konferencia
|c Szeged
|d 2025. április 10-12.
|
| 856 |
4 |
0 |
|u http://acta.bibl.u-szeged.hu/87310/1/pek_2025_080.pdf
|z Dokumentum-elérés
|